| 000 | 00564nam a2200157 4500 | ||
|---|---|---|---|
| 008 | 030626s1984 us eng | ||
| 020 |
_a0882076205 : _cUSD5.95 |
||
| 090 |
_aBS2675.2 _bW63 _bIICor |
||
| 100 | 1 | _aWiersbe, Warren W. | |
| 245 | 1 | 0 |
_aBe encouraged : _bGod can turn your trials into triumphs / _cWarren W. Wiersbe. |
| 260 |
_aIllinois : _bScripture Press, _cc1984. |
||
| 300 | _a153 p. | ||
| 650 | 4 |
_aBible. N.T. Corinthians, 2nd _xCommentaries. |
|
| 650 | 4 | _aChristian life. | |
| 951 |
_p9735 _x00004462 _oBS2675.2/W63/IICor _j070613111243968 _d2000-12-21 _cGC |
||
| 999 |
_c15393 _d15393 |
||